[Event "BAN-ch (Women) 38th"]
[Site "Dhaka"]
[Date "2018.08.16"]
[Round "8"]
[White "Jannatul, Ferdous"]
[Black "Hossain, Farjana Annie"]
[Result "1-0"]
[WhiteElo "1594"]
[BlackElo "1680"]
[PlyCount "33"]
[EventDate "2018.08.08"]
[EventType "swiss"]
[EventRounds "9"]
[EventCountry "BAN"]
[SourceTitle "EXT 2019"]
[Source "ChessBase"]
[SourceDate "2018.10.10"]
[SourceVersion "1"]
[SourceVersionDate "2018.10.10"]
[SourceQuality "1"]

1. e4 e5 2. Nf3 Nc6 3. Bc4 Nf6 4. Ng5 d5 5. exd5 Nxd5 6. Nxf7 Kxf7 7. Qf3+ Ke6 8. Nc3 Nce7 9. 0-0 c6 10. d4 exd4 11. Re1+ Kd7 12. Nxd5 Nxd5 13. Bxd5 cxd5 14. Qxd5+ Kc7 15. Bf4+ Bd6 16. Qc5+ Kd7 17. Qd5 1-0

[Event "BAN-ch (Women) 38th"]
[Site "Dhaka"]
[Date "2018.08.13"]
[Round "6"]
[White "Israt, Jahan Diba"]
[Black "Hossain, Farjana Annie"]
[Result "0-1"]
[WhiteElo "1387"]
[BlackElo "1680"]
[PlyCount "76"]
[EventDate "2018.08.08"]
[EventType "swiss"]
[EventRounds "9"]
[EventCountry "BAN"]
[SourceTitle "EXT 2019"]
[Source "ChessBase"]
[SourceDate "2018.10.10"]
[SourceVersion "1"]
[SourceVersionDate "2018.10.10"]
[SourceQuality "1"]

1. e4 e5 2. Nf3 Nc6 3. Bc4 d6 4. d3 h6 5. h3 Na5 6. Bb3 Nxb3 7. axb3 Nf6 8. Nc3 c6 9. 0-0 Be7 10. Be3 b6 11. Ne2 Bb7 12. Ng3 g6 13. Qd2 Bf8 14. c3 c5 15. Nh2 h5 16. f4 exf4 17. Bxf4 Nh7 18. Qf2 h4 19. Be5 f6 20. Bxf6 Qxf6 21. Qxf6 Nxf6 22. Rxf6 hxg3 23. Ng4 g5 24. Rg6 Be7 25. Nf6+ Kf7 26. Rxg5 Kxf6 27. Rxg3 a5 28. Rf1+ Ke6 29. Rg6+ Kd7 30. Rf7 Raf8 31. Rxf8 Rxf8 32. Rg3 Ke6 33. Rf3 Rg8 34. Kh2 d5 35. Re3 dxe4 36. dxe4 Ke5 37. Rg3 Rxg3 38. Kxg3 Kxe4 0-1

[Event "BAN-ch (Women) 38th"]
[Site "Dhaka"]
[Date "2018.08.12"]
[Round "5"]
[White "Hossain, Farjana Annie"]
[Black "Jannatul, Ferdousi"]
[Result "1/2-1/2"]
[WhiteElo "1680"]
[BlackElo "1484"]
[PlyCount "104"]
[EventDate "2018.08.08"]
[EventType "swiss"]
[EventRounds "9"]
[EventCountry "BAN"]
[SourceTitle "EXT 2019"]
[Source "ChessBase"]
[SourceDate "2018.10.10"]
[SourceVersion "1"]
[SourceVersionDate "2018.10.10"]
[SourceQuality "1"]

1. e4 e5 2. Nf3 Nc6 3. Bb5 a6 4. Ba4 Nf6 5. 0-0 b5 6. Bb3 Be7 7. Re1 0-0 8. c3 d5 9. exd5 Nxd5 10. Nxe5 Nxe5 11. Rxe5 c6 12. d4 Bd6 13. Re1 Qh4 14. h3 Bd7 15. Nd2 Rfe8 16. Nf3 Qh5 17. Bd2 Rxe1+ 18. Nxe1 Qxd1 19. Rxd1 Re8 20. Nd3 Bf5 21. Bxd5 cxd5 22. Re1 Kf8 23. Rxe8+ Kxe8 24. Nc5 a5 25. a3 Bxc5 26. dxc5 a4 27. c6 Bc8 28. Bf4 Ke7 29. f3 h6 30. Kf2 g5 31. Bb8 f5 32. f4 g4 33. h4 h5 34. g3 d4 35. cxd4 Ke6 36. Be5 Kd5 37. c7 Ke4 38. Ke2 Ba6 39. Kf2 Bc8 40. d5 Kxd5 41. Ke3 Kc4 42. Kd2 Bb7 43. Ke3 Bc8 44. Kd2 Bb7 45. Bc3 Bc8 46. Ke3 Bb7 47. Be5 Bc8 48. Kd2 Bb7 49. Kc2 Bc8 50. Kd2 Bb7 51. Ke3 Bc8 52. Bd4 Bb7 1/2-1/2

[Event "BAN-ch (Women) 38th"]
[Site "Dhaka"]
[Date "2018.08.08"]
[Round "1"]
[White "Hossain, Farjana Annie"]
[Black "Nazmin, Akter"]
[Result "1-0"]
[WhiteElo "1680"]
[BlackElo "1241"]
[PlyCount "119"]
[EventDate "2018.08.08"]
[EventType "swiss"]
[EventRounds "9"]
[EventCountry "BAN"]
[SourceTitle "EXT 2019"]
[Source "ChessBase"]
[SourceDate "2018.10.10"]
[SourceVersion "1"]
[SourceVersionDate "2018.10.10"]
[SourceQuality "1"]

1. e4 e5 2. Nf3 f6 3. Bc4 Nc6 4. Nh4 Nh6 5. d3 Ne7 6. Bxh6 gxh6 7. Qh5+ Ng6 8. Nxg6 hxg6 9. Qxg6+ Ke7 10. Nc3 c6 11. Qf7+ Kd6 12. a4 a6 13. 0-0 Be7 14. Ne2 Kc7 15. d4 d6 16. f4 Kb8 17. f5 Bd7 18. c3 Be8 19. Qg7 Bd7 20. Rf3 Qf8 21. Rg3 Ka7 22. b4 b5 23. axb5 cxb5 24. Bd5 Rc8 25. Qxf8 Rcxf8 26. Rg7 Re8 27. Bf7 Bf8 28. Bxe8 Bxg7 29. Bxd7 Rd8 30. Bxb5 h5 31. Rxa6+ Kb7 32. d5 Bh6 33. Kf2 h4 34. Ra2 Kb6 35. c4 Rg8 36. Ra6+ Kc7 37. Rc6+ Kd7 38. Ra6+ Ke7 39. Ra7+ Kf8 40. Ra8+ Kf7 41. Rxg8 Kxg8 42. Nc3 Bd2 43. Na2 Kf8 44. Ke2 Bf4 45. h3 Ke7 46. Ba4 Kd8 47. c5 Kc7 48. c6 Kb6 49. Kd3 Bg3 50. Nc3 Bf2 51. Nb5 Be1 52. Kc4 Bd2 53. Nxd6 Bg5 54. Ne8 Ka7 55. c7 Kb7 56. Bd7 Be3 57. c8Q+ Kb6 58. Bb5 Ka7 59. Qc7+ Ka8 60. Bc6# 1-0

[Event "BAN-ch (Women) 37th"]
[Site "Dhaka"]
[Date "2017.08.23"]
[Round "4"]
[White "Hossain, Farjana Annie"]
[Black "Khondoker, Sumaiya"]
[Result "1-0"]
[WhiteElo "1714"]
[BlackElo "1541"]
[PlyCount "77"]
[EventDate "2017.08.20"]
[EventType "swiss"]
[EventRounds "9"]
[EventCountry "BAN"]
[SourceTitle "CBM 180 Extra"]
[Source "ChessBase"]
[SourceDate "2017.10.06"]
[SourceVersion "1"]
[SourceVersionDate "2017.10.06"]
[SourceQuality "1"]

1. e4 e5 2. Nf3 Nc6 3. Bb5 d6 4. h3 Bd7 5. c3 Nf6 6. d3 Be7 7. 0-0 a6 8. Ba4 b5 9. Bb3 h6 10. Re1 Na5 11. Bc2 Qc8 12. d4 exd4 13. cxd4 0-0 14. a3 Re8 15. Qd3 Kf8 16. Nc3 c6 17. e5 dxe5 18. dxe5 Ng8 19. Qh7 Be6 20. Qh8 f6 21. Bh7 Nb3 22. Bxg8 Bxg8 23. Bxh6 gxh6 24. Qxh6+ Kf7 25. Ng5+ fxg5 26. e6+ Qxe6 27. Qxe6+ Kg7 28. Qd7 Nxa1 29. Rxa1 c5 30. Re1 Kf8 31. Qf5+ Kg7 32. Qd7 Kf8 33. Qf5+ Kg7 34. Nd5 Bxd5 35. Qxd5 a5 36. Rxe7+ Rxe7 37. Qxa8 b4 38. Qxa5 bxa3 39. bxa3 1-0

[Event "Dhaka Six Seasons"]
[Site "Dhaka"]
[Date "2013.03.31"]
[Round "9"]
[White "Niklesh, Kumar Jain"]
[Black "Hossain, Farjana Annie"]
[Result "1-0"]
[WhiteElo "1902"]
[BlackElo "1723"]
[PlyCount "85"]
[EventDate "2013.03.22"]
[EventType "tourn"]
[EventRounds "9"]
[EventCountry "BAN"]
[SourceTitle "CBM 153 Extra"]
[Source "ChessBase"]
[SourceDate "2013.04.22"]
[SourceVersion "1"]
[SourceVersionDate "2013.04.22"]
[SourceQuality "1"]

1. Nf3 d6 2. g3 Nf6 3. Bg2 g6 4. d3 e5 5. c3 Bg7 6. 0-0 0-0 7. e4 c6 8. Na3 Nbd7 9. h3 Nh5 10. Nh4 Nb6 11. Kh2 d5 12. Qe2 dxe4 13. dxe4 Qe7 14. Be3 Be6 15. b3 Qc7 16. Nc2 f5 17. exf5 Bxf5 18. Nxf5 Rxf5 19. Be4 Rff8 20. c4 Nf6 21. Bg2 Nbd7 22. Rad1 a6 23. Bc1 Rfd8 24. Bb2 Nh5 25. Bf3 Ndf6 26. Rfe1 Re8 27. Ba3 Qf7 28. Bd6 Kh8 29. Bg2 g5 30. Ne3 Qg6 31. Ng4 Nxg4+ 32. hxg4 Re6 33. Ba3 Nf6 34. Be4 Nxe4 35. Qxe4 Qf7 36. Kg2 Rae8 37. Rd2 Bf8 38. Bb2 Bg7 39. Red1 R6e7 40. Ba3 Rc7 41. Rd3 Qe6 42. Rd6 Qf7 43. Rd8 1-0

[Event "Dhaka Six Seasons"]
[Site "Dhaka"]
[Date "2013.03.25"]
[Round "4"]
[White "Hossain, Farjana Annie"]
[Black "Abdullah, Al Saif"]
[Result "0-1"]
[WhiteElo "1723"]
[BlackElo "2089"]
[PlyCount "56"]
[EventDate "2013.03.22"]
[EventType "tourn"]
[EventRounds "9"]
[EventCountry "BAN"]
[SourceTitle "CBM 153 Extra"]
[Source "ChessBase"]
[SourceDate "2013.04.22"]
[SourceVersion "1"]
[SourceVersionDate "2013.04.22"]
[SourceQuality "1"]

1. e4 d5 2. Nf3 dxe4 3. Ng1 Nc6 4. Nc3 Nf6 5. Bb5 Bd7 6. Bxc6 Bxc6 7. d3 e6 8. f3 exf3 9. Nxf3 Bc5 10. Bg5 0-0 11. Bxf6 Qxf6 12. Qd2 b5 13. 0-0-0 b4 14. Ne4 Bxe4 15. dxe4 Rfd8 16. Qe2 a5 17. Rxd8+ Rxd8 18. Rd1 Rb8 19. e5 Qf4+ 20. Kb1 h6 21. Rd7 Bb6 22. g3 Qg4 23. Qd3 a4 24. Nd4 a3 25. bxa3 bxa3 26. Nc6 Ba5+ 27. Nxb8 Qb4+ 28. Qb3 Qe1+ 0-1

[Event "Parachute-ch (Women) 30th"]
[Site "Dhaka"]
[Date "2009.03.03"]
[Round "8"]
[White "Hossain, Farjana Annie"]
[Black "Sultana, Sharmin Shirin"]
[Result "0-1"]
[WhiteElo "1864"]
[BlackElo "1962"]
[PlyCount "68"]
[EventDate "2009.02.22"]
[EventType "tourn"]
[EventRounds "11"]
[EventCountry "BAN"]
[SourceTitle "EXT 2024"]
[Source "ChessBase"]
[SourceDate "2023.10.10"]
[SourceVersion "1"]
[SourceVersionDate "2023.10.10"]
[SourceQuality "1"]

1. e4 c5 2. Nf3 e6 3. d4 cxd4 4. Nxd4 Nc6 5. Nc3 a6 6. Be3 Qc7 7. g3 Nf6 8. Bg2 Bb4 9. 0-0 h5 10. Nxc6 dxc6 11. h4 e5 12. Kh1 Ng4 13. Bd2 Bc5 14. Qe2 Bd4 15. Nd1 Be6 16. c3 Ba7 17. f3 Nf6 18. b3 0-0-0 19. Be3 Bxe3 20. Nxe3 Qe7 21. Rfd1 Nd7 22. Qe1 g5 23. Kh2 gxh4 24. gxh4 Rhg8 25. Qf2 Nc5 26. Bf1 Qf6 27. Qe1 Qxf3 28. Rxd8+ Rxd8 29. Bg2 Qf6 30. Bf1 Nxe4 31. Bh3 Bxh3 32. Kxh3 Qf3+ 33. Kh2 Rd2+ 34. Kg1 Qh3 0-1

[Event "Parachute-ch (Women) 30th"]
[Site "Dhaka"]
[Date "2009.02.27"]
[Round "6"]
[White "Hossain, Farjana Annie"]
[Black "Sultana, Zakia"]
[Result "0-1"]
[WhiteElo "1864"]
[BlackElo "1977"]
[PlyCount "62"]
[EventDate "2009.02.22"]
[EventType "tourn"]
[EventRounds "11"]
[EventCountry "BAN"]
[SourceTitle "EXT 2024"]
[Source "ChessBase"]
[SourceDate "2023.10.10"]
[SourceVersion "1"]
[SourceVersionDate "2023.10.10"]
[SourceQuality "1"]

1. e4 e6 2. d4 d5 3. exd5 exd5 4. Bd3 Bd6 5. Nf3 Nf6 6. 0-0 0-0 7. Re1 Bg4 8. Nbd2 Nbd7 9. Nf1 c6 10. Ne3 Bxf3 11. Qxf3 Re8 12. c3 Qc7 13. Qh3 Nf8 14. Bd2 Ne4 15. Re2 Ng6 16. Bc1 Nf4 17. Qg4 Nxd3 18. Nf5 g6 19. Nxd6 Qxd6 20. Be3 c5 21. dxc5 Ndxc5 22. Bf4 Qc6 23. Qf3 Ne6 24. Bh6 f5 25. Rae1 Ng7 26. Qd3 Qc4 27. Qd1 Qc5 28. Kf1 Nf6 29. Qd2 Rxe2 30. Rxe2 Ng4 31. Bf4 Nh5 0-1

[Event "Parachute-ch (Women) 30th"]
[Site "Dhaka"]
[Date "2009.02.26"]
[Round "5"]
[White "Rokshana, Titli"]
[Black "Hossain, Farjana Annie"]
[Result "1/2-1/2"]
[WhiteElo "1498"]
[BlackElo "1864"]
[PlyCount "31"]
[EventDate "2009.02.22"]
[EventType "tourn"]
[EventRounds "11"]
[EventCountry "BAN"]
[SourceTitle "EXT 2024"]
[Source "ChessBase"]
[SourceDate "2023.10.10"]
[SourceVersion "1"]
[SourceVersionDate "2023.10.10"]
[SourceQuality "1"]

1. d4 e6 2. c4 Ne7 3. Nc3 d5 4. Nf3 c6 5. Bg5 Qb6 6. Qc2 Qc7 7. e3 dxc4 8. Bxc4 Nd7 9. Bf4 Qd8 10. 0-0 b5 11. Bd3 Ng6 12. Bg3 Bb7 13. Ne4 Nf6 14. Nc5 Qb6 15. Rac1 Bc8 16. Ne4 1/2-1/2

[Event "Parachute-ch (Women) 30th"]
[Site "Dhaka"]
[Date "2009.02.22"]
[Round "1"]
[White "Begum, Masuda"]
[Black "Hossain, Farjana Annie"]
[Result "1-0"]
[WhiteElo "1878"]
[BlackElo "1864"]
[PlyCount "65"]
[EventDate "2009.02.22"]
[EventType "tourn"]
[EventRounds "11"]
[EventCountry "BAN"]
[SourceTitle "EXT 2024"]
[Source "ChessBase"]
[SourceDate "2023.10.10"]
[SourceVersion "1"]
[SourceVersionDate "2023.10.10"]
[SourceQuality "1"]

1. d4 Nf6 2. Bf4 b6 3. e3 Bb7 4. Nf3 e6 5. Be2 Be7 6. c4 0-0 7. Nc3 Bb4 8. a3 Bxc3+ 9. bxc3 d6 10. 0-0 Nbd7 11. h3 Ne4 12. Qc2 Re8 13. Bh2 Ng5 14. Nxg5 Qxg5 15. Bg3 f5 16. Qd1 e5 17. Bf3 e4 18. Be2 Qf6 19. Qa4 Re7 20. Qb3 Kh8 21. c5 Rb8 22. cxd6 cxd6 23. Qb4 Re6 24. Bc4 a5 25. Qb3 Re7 26. Bb5 Bc8 27. Qd5 Re6 28. Qc6 Qe7 29. Qc7 Ra8 30. Bc6 Ba6 31. Bxa8 Bxf1 32. Rxf1 g5 33. Bc6 1-0

[Event "Dhaka Arometic (Women) 28th"]
[Site "Dhaka"]
[Date "2007.03.09"]
[Round "5"]
[White "Arjuman, Mimi"]
[Black "Hossain, Farjana Annie"]
[Result "1/2-1/2"]
[WhiteElo "1794"]
[BlackElo "1916"]
[PlyCount "88"]
[EventDate "2007.03.05"]
[EventType "tourn"]
[EventRounds "11"]
[EventCountry "BAN"]
[SourceTitle "EXT 2024"]
[Source "ChessBase"]
[SourceDate "2023.10.10"]
[SourceVersion "1"]
[SourceVersionDate "2023.10.10"]
[SourceQuality "1"]

1. e4 d6 2. g3 g6 3. Bg2 Bg7 4. Nc3 Nd7 5. f4 e5 6. d3 Nc5 7. Nge2 Ne7 8. 0-0 0-0 9. Be3 Nd7 10. Qd2 Nb6 11. Rae1 c6 12. h3 f5 13. b3 Be6 14. Kh2 Qd7 15. fxe5 dxe5 16. Bg5 Rad8 17. Ng1 Rde8 18. Nf3 Kh8 19. exf5 Nxf5 20. Ne4 Bd5 21. c4 Bxe4 22. Rxe4 h6 23. Be3 Nxe3 24. Qxe3 Qc7 25. Qe2 Nd7 26. d4 Re7 27. Nh4 Kh7 28. Qg4 g5 29. Nf5 Nf6 30. Qe2 Nxe4 31. Nxe7 Nxg3 32. Qd3+ e4 33. Qxg3 Qxe7 34. Rd1 Rd8 35. Qe3 Qd6+ 36. Kh1 Bxd4 37. Qxe4+ Kg7 38. Bf3 Qf6 39. Re1 Re8 40. Qxe8 Qxf3+ 41. Kh2 Qf2+ 42. Kh1 Qf3+ 43. Kh2 Qf2+ 44. Kh1 Qf3+ 1/2-1/2

[Event "Dhaka Arometic (Women) 28th"]
[Site "Dhaka"]
[Date "2007.03.06"]
[Round "2"]
[White "Hossain, Farjana Annie"]
[Black "Chowdhury, Mahmuda Haque"]
[Result "0-1"]
[WhiteElo "1916"]
[BlackElo "1813"]
[PlyCount "92"]
[EventDate "2007.03.05"]
[EventType "tourn"]
[EventRounds "11"]
[EventCountry "BAN"]
[SourceTitle "EXT 2024"]
[Source "ChessBase"]
[SourceDate "2023.10.10"]
[SourceVersion "1"]
[SourceVersionDate "2023.10.10"]
[SourceQuality "1"]

1. e4 e6 2. Nf3 d5 3. exd5 exd5 4. d4 Nf6 5. Nc3 c6 6. Bd3 Bd6 7. Bg5 0-0 8. 0-0 Bg4 9. Nb1 Nbd7 10. h3 Bh5 11. Be2 Qb6 12. b3 Ne4 13. Be3 Qc7 14. Nfd2 Bxe2 15. Qxe2 Ndf6 16. Nxe4 Nxe4 17. Nd2 Rfe8 18. Nxe4 Rxe4 19. Qd3 Qe7 20. Rfe1 Re8 21. Re2 f5 22. Ree1 Bf4 23. Kf1 Bxe3 24. Rxe3 Rxe3 25. Qxe3 Qxe3 26. fxe3 Rxe3 27. Kf2 f4 28. Rd1 Kf7 29. Re1 Rxe1 30. Kxe1 Ke6 31. Kf2 Kf5 32. Kf3 g5 33. c3 h5 34. a4 g4+ 35. hxg4+ hxg4+ 36. Kf2 Ke4 37. Ke2 f3+ 38. gxf3+ gxf3+ 39. Kf2 b5 40. axb5 cxb5 41. c4 bxc4 42. bxc4 dxc4 43. d5 Kxd5 44. Kxf3 Kd4 45. Ke2 Kc3 46. Kd1 Kb2 0-1